| 000 | 00825nas a2200253 4500 | ||
|---|---|---|---|
| 001 | BR9701672 | ||
| 003 | BR-BrBNA | ||
| 005 | 20231205100055.0 | ||
| 007 | ta | ||
| 008 | 230509b bl.|||p| |||| 00| 00por d | ||
| 040 |
_aBR-BrBNA _bpor _cBiblioteca Nacional de Agricultura |
||
| 041 | _a(Pt) | ||
| 072 | _aL73 | ||
| 100 | 1 | _aCosta, C.A.F. | |
| 100 | 1 | _aAvila, V.S. | |
| 245 | 1 | _aEfeito da idade das aves e da reutilizacao e manejo da cama do aviario sobre a coccidiose em frangos de corte | |
| 650 | _aFrango de Corte | ||
| 650 | _aCama de Galinheiro | ||
| 650 | _aCoccidiose | ||
| 650 | _aEpidemiologia | ||
| 773 | 0 |
_tArquivo Brasileiro de Medicina Veterinaria e Zootecnia (Brazil) _xISSN 0102-0935 _g(Aug 1996), v. 48(4) p. 403-413 _wBR9701672 |
|
| 909 |
_a202311 _bLúcia _c55 _dLúcia Elande |
||
| 942 |
_2AGRIS _n0 _cANA |
||
| 999 |
_c154254 _d154254 |
||